The cat who came for christmas / (Record no. 3604)

MARC details
000 -LEADER
fixed length control field 00732nam a22002417a 4500
001 - CONTROL NUMBER
control field 3604
003 - CONTROL NUMBER IDENTIFIER
control field FISKH
005 - DATE AND TIME OF LATEST TRANSACTION
control field 20250619131343.0
008 - FIXED-LENGTH DATA ELEMENTS--GENERAL INFORMATION
fixed length control field 240325b cb ||||| |||| 00| 0 eng d
040 ## - CATALOGING SOURCE
Original cataloging agency FISK
Language of cataloging eng
Transcribing agency FISK
Modifying agency FISK
050 ## - LIBRARY OF CONGRESS CALL NUMBER
Classification number PS3551.M58
082 ## - DEWEY DECIMAL CLASSIFICATION NUMBER
Classification number 818.5407
100 ## - MAIN ENTRY--PERSONAL NAME
Personal name Amory Cleveland
Dates associated with a name 1917-1998
245 ## - TITLE STATEMENT
Title The cat who came for christmas /
Statement of responsibility, etc. Cleveland Amory
260 ## - PUBLICATION, DISTRIBUTION, ETC.
Place of publication, distribution, etc. England :
Name of publisher, distributor, etc. Little, Brown and Company,
Date of publication, distribution, etc. 1987
300 ## - PHYSICAL DESCRIPTION
Extent 240 pages :
Dimensions 21 cm
505 ## - FORMATTED CONTENTS NOTE
Formatted contents note Z
520 ## - SUMMARY, ETC.
Summary, etc. The story of a bedraggled white feline who came for Christmas and took over the heart of Cleveland Amory.
521 8# - TARGET AUDIENCE NOTE
Target audience note 1160
Source Lexile
700 ## - ADDED ENTRY--PERSONAL NAME
Personal name Cleveland Amory
942 ## - ADDED ENTRY ELEMENTS (KOHA)
Source of classification or shelving scheme Dewey Decimal Classification
Koha item type Books
Suppress in OPAC No
Holdings
Withdrawn status Lost status Source of classification or shelving scheme Damaged status Not for loan Collection Home library Current library Shelving location Date acquired Total Checkouts Full call number Barcode Date last seen Copy number Price effective from Koha item type
    Dewey Decimal Classification     Fiction Footprints International School Library Network Toul Kork Campus Footprints International School Library Network Toul Kork Campus TTP Secondary Fiction Bookshelves 03/25/2024   AMO PS3551.M58 818.5407 2024-0394 03/25/2024 1 03/25/2024 Books
    Dewey Decimal Classification     Fiction Footprints International School Library Network Toul Tom Poung Campus Footprints International School Library Network Toul Tom Poung Campus TTP Secondary Fiction Bookshelves 06/19/2025   AMO PS3551.M58 818.5407 2025-1674 06/19/2025 2 06/19/2025 Books